logo

Bir Sreshtho Munshi Abdur Rouf Library
Jhenaidah Cadet College

The Tarikh-i-rashidi : (Record no. 8520)

MARC details
000 -LEADER
fixed length control field 01151cam a2200313 a 4500
001 - CONTROL NUMBER
JCCL Control Number 8520
003 - CONTROL NUMBER IDENTIFIER
JCCL marc code BD-JhCC
005 - DATE AND TIME OF LATEST TRANSACTION
control field 20180919123456.0
008 - FIXED-LENGTH DATA ELEMENTS--GENERAL INFORMATION
fixed length control field 020313s1895 enkab 000 0 eng d
035 ## - SYSTEM CONTROL NUMBER
system control number (RLG)o600p3282884
035 ## - SYSTEM CONTROL NUMBER
system control number (BD-JhCC)8520
035 ## - SYSTEM CONTROL NUMBER
system control number (UkLCURL)o600p3282884
040 ## - CATALOGING SOURCE
Original cataloging agency CLE
Transcribing agency CLE
Modifying agency EUM
-- BLCMP:MU(8)
-- CUD
-- OCoLC
-- BD-JhCC
041 0# - LANGUAGE CODE
Language code of Book eng
-- pal
082 ## - DEWEY DECIMAL CLASSIFICATION NUMBER
Author mark and Year MUH 1895
Classification number 954
100 1# - MAIN ENTRY--PERSONAL NAME
Personal name Muhammad Haidar, Dughl�at,
Dates associated with a name -1551.
245 14 - TITLE STATEMENT
Title The Tarikh-i-rashidi :
Remainder of title a history of the Moghuls of central Asia ; an English version /
Statement of responsibility, etc edited with commentary, notes and map by N. Elias ; the translation by E. Denison Ross.
260 ## - PUBLICATION, DISTRIBUTION, ETC. (IMPRINT)
Place of publication, distribution, etc London :
Name of publisher, distributor, etc S. Low, Marston and co.,
Date of publication, distribution, etc 1895.
300 ## - PHYSICAL DESCRIPTION
Pagination xxiii, [1], 128, 535 p. :
Other physical details maps, tables ;
Dimensions 21 cm.
500 ## - GENERAL NOTE
General note Map in pocket at rear of book.
500 ## - GENERAL NOTE
General note Does not contain the original text.
700 1# - ADDED ENTRY--PERSONAL NAME
Personal name Elias, Norbert,
Dates associated with a name 1897-1990.
700 1# - ADDED ENTRY--PERSONAL NAME
Personal name Ross, E. Denison
Fuller form of name (Edward Denison),
Titles and other words associated with a name Sir,
Dates associated with a name 1871-1940.
740 0# -
Uncontrolled related/analytical title History of the Moghuls of central Asia.
740 0# -
Uncontrolled related/analytical title Moghuls of central Asia.
942 ## - ADDED ENTRY ELEMENTS (KOHA)
Source of classification or shelving scheme Dewey Decimal Classification
Koha item type Books
947 ## - LOCAL PROCESSING INFORMATION (OCLC)
a lacks
b 6xx
z 600
Holdings
Source of classification or shelving scheme Damaged status Not for loan Home library Current library Shelving location Total Checkouts Full call number Barcode Date last seen Copy number Koha item type
Dewey Decimal Classification     JCC Rouf Library JCC Rouf Library General Stacks   954 MUH 1895 11049 02/26/2018 C - 1 Books

JCC Library | Contacts | JCC Home

Last Update on 23 September 2017
Copyright @ 2017-2020 JCC Rouf Library
Rouf Library, Jhenidah Cadet College (JCC), Bangladesh